| 000 | 00603nam a22001937a 4500 | ||
|---|---|---|---|
| 005 | 20170802113528.0 | ||
| 010 | _aENG-119508 | ||
| 020 |
_c395.00 _a9788184654509 |
||
| 035 | _aEN-103040 | ||
| 037 | _bDBAD/PUB | ||
| 082 | _a280.61 | ||
| 100 | _aWilfed, Felix | ||
| 245 |
_aChristian for a better India / _cby Felix Wilfed |
||
| 260 |
_aDelhi _bThe Indian Society for Promoting Christian Knowlewdge(ISPCK)) _c2014 |
||
| 270 |
_a1585,1654 Madarsa Road Kashmere Gate _bDelhi _e110006 |
||
| 300 |
_axi,361p. _c24cm(pbk) |
||
| 500 | _aIncludes index | ||
| 942 |
_2ddc _cEN _mWIL _h280.66 |
||
| 999 |
_c143044 _d143044 |
||